[Event "CZE-chT2B 1415"]
[Site "Czech Republic"]
[Date "2015.02.08"]
[Round "7.7"]
[White "Stich, Jan"]
[Black "Kudrlicka, Ladislav"]
[Result "1-0"]
[WhiteElo "1735"]
[BlackElo "2035"]
[PlyCount "87"]
[EventDate "2014.11.02"]
[EventType "team-tourn"]
[EventRounds "11"]
[EventCountry "CZE"]
[SourceTitle "EXT 2022"]
[Source "ChessBase"]
[SourceDate "2021.10.06"]
[SourceVersion "1"]
[SourceVersionDate "2021.10.06"]
[SourceQuality "1"]
[WhiteTeam "Most Chess II"]
[BlackTeam "Teplice"]
[WhiteTeamCountry "CZE"]
[BlackTeamCountry "CZE"]

1. b3 e5 2. Bb2 Nc6 3. e3 d5 4. Bb5 f6 5. Nf3 Bg4 6. h3 Bh5 7. g4 Bf7 8. d3 Bb4+ 9. Nbd2 Nge7 10. a3 Bd6 11. c4 a6 12. Bxc6+ Nxc6 13. Rc1 dxc4 14. dxc4 Qd7 15. Ne4 Be7 16. 0-0 Qe6 17. Ng3 g6 18. Nh2 h5 19. e4 Rd8 20. Qe2 hxg4 21. hxg4 Nd4 22. Bxd4 Rxd4 23. Nf3 Rd8 24. Kg2 Bxa3 25. Rh1 Rxh1 26. Rxh1 Qxg4 27. Rh4 Qd7 28. Qe3 Bf8 29. Rh8 Ke7 30. Nh4 b6 31. Qc3 Qd2 32. Qf3 Qf4 33. Qc3 Rd2 34. Nf3 Rd6 35. c5 Rc6 36. b4 Qg4 37. Qd3 bxc5 38. bxc5 Qe6 39. Nh4 Qc4 40. Ngf5+ gxf5 41. Nxf5+ Ke8 42. Rxf8+ Kxf8 43. Qd8+ Be8 44. Qe7+ 1-0

[Event "Klatovy op-A"]
[Site "Klatovy"]
[Date "2013.07.06"]
[Round "8"]
[White "Kudrlicka, Ladislav"]
[Black "Janska, Jitka"]
[Result "1/2-1/2"]
[WhiteElo "2076"]
[BlackElo "1889"]
[PlyCount "77"]
[EventDate "2013.06.29"]
[EventType "swiss"]
[EventRounds "9"]
[EventCountry "CZE"]
[SourceTitle "EXT 2014"]
[Source "ChessBase"]
[SourceDate "2013.11.20"]
[SourceVersion "1"]
[SourceVersionDate "2013.11.20"]
[SourceQuality "1"]

1. d4 d5 2. Nf3 Nf6 3. e3 Bf5 4. Be2 e6 5. Nbd2 Bd6 6. b3 Nbd7 7. Bb2 Qe7 8. Ne5 Ne4 9. Nxe4 Bxe4 10. Nxd7 Kxd7 11. Bf3 f5 12. Qe2 c6 13. a4 h5 14. h4 Rag8 15. g3 e5 16. dxe5 Bxe5 17. 0-0-0 Bxb2+ 18. Kxb2 Qe5+ 19. Kb1 Kc7 20. Rhg1 a5 21. Bxe4 fxe4 22. g4 g6 23. Qd2 Ra8 24. gxh5 gxh5 25. Rg5 Qf6 26. Rdg1 Rh7 27. Rg6 Qh8 28. R1g5 Rd7 29. Rf5 d4 30. exd4 Qxd4 31. Qxd4 Rxd4 32. Rxh5 Rf8 33. Rh7+ Kb6 34. Rg2 Rd2 35. Re7 Rf4 36. Rh2 Kc5 37. h5 Kd6 38. Kc1 Rfxf2 39. Rxf2 1/2-1/2

[Event "Klatovy op-A"]
[Site "Klatovy"]
[Date "2013.06.30"]
[Round "2"]
[White "Kopta, Pavel"]
[Black "Kudrlicka, Ladislav"]
[Result "1-0"]
[WhiteElo "2292"]
[BlackElo "2076"]
[PlyCount "75"]
[EventDate "2013.06.29"]
[EventType "swiss"]
[EventRounds "9"]
[EventCountry "CZE"]
[SourceTitle "EXT 2014"]
[Source "ChessBase"]
[SourceDate "2013.11.20"]
[SourceVersion "1"]
[SourceVersionDate "2013.11.20"]
[SourceQuality "1"]

1. d4 d5 2. c4 e6 3. Nf3 Nf6 4. Nc3 c6 5. Bg5 Be7 6. e3 Nbd7 7. Qc2 0-0 8. Bd3 h6 9. Bh4 dxc4 10. Bxc4 Nd5 11. Bg3 Nxc3 12. bxc3 c5 13. 0-0 Nb6 14. Bd3 Bd7 15. Ne5 Ba4 16. Qe2 Rc8 17. Qf3 c4 18. Be2 Nd5 19. e4 Nb6 20. Qe3 Bb5 21. Rab1 a6 22. f4 Nd7 23. Ng4 h5 24. Ne5 h4 25. Be1 Nxe5 26. fxe5 Bg5 27. Qh3 Qa5 28. Bg4 Qxa2 29. Bxh4 Bxh4 30. Qxh4 Rce8 31. Rbe1 Qd2 32. Rf3 Qh6 33. Qf2 Bc6 34. Rh3 Qg5 35. Bd1 f5 36. Rh5 Qg6 37. Qh4 Kf7 38. Rh7 1-0

[Event "Klatovy op-A"]
[Site "Klatovy"]
[Date "2013.06.29"]
[Round "1"]
[White "Kudrlicka, Ladislav"]
[Black "Jelinek, Michal"]
[Result "1-0"]
[WhiteElo "2076"]
[BlackElo "1788"]
[PlyCount "121"]
[EventDate "2013.06.29"]
[EventType "swiss"]
[EventRounds "9"]
[EventCountry "CZE"]
[SourceTitle "EXT 2014"]
[Source "ChessBase"]
[SourceDate "2013.11.20"]
[SourceVersion "1"]
[SourceVersionDate "2013.11.20"]
[SourceQuality "1"]

1. d4 Nf6 2. Nf3 d5 3. c4 e6 4. Nc3 Nbd7 5. Bf4 a6 6. e3 Be7 7. Bd3 dxc4 8. Bxc4 b5 9. Bd3 Bb7 10. 0-0 0-0 11. Qe2 c5 12. Rfd1 Qb6 13. Rac1 Rfd8 14. Bb1 cxd4 15. Nxd4 Rac8 16. Nf3 Nc5 17. b4 Rxd1+ 18. Nxd1 Nce4 19. Rxc8+ Bxc8 20. Ng5 Bb7 21. Nxe4 Nxe4 22. Be5 Nf6 23. a3 Qc6 24. f3 Qd5 25. Bb2 Qg5 26. e4 Nh5 27. Qe3 Qh4 28. g3 Nxg3 29. hxg3 Qxg3+ 30. Kf1 Bg5 31. Qf2 Qf4 32. Nc3 h5 33. Ne2 Qd2 34. Qd4 Qxd4 35. Bxd4 Be7 36. Bd3 g5 37. Ng3 h4 38. Nh5 Kh7 39. Nf6+ Bxf6 40. Bxf6 Kg6 41. e5+ Kh5 42. Be2 h3 43. Kg1 Kh4 44. Kh2 Kh5 45. Kxh3 Kg6 46. Kg4 Bd5 47. Bd3+ Kh6 48. Bxg5+ Kg7 49. Be7 Bb7 50. Kf4 Kh6 51. Be4 Bc8 52. Bc6 Kg6 53. Bf6 Kh5 54. Be4 Bd7 55. Ke3 Bc8 56. Kd4 Bd7 57. Kc5 Bc8 58. Kb6 Bd7 59. Kc7 Be8 60. Kd8 a5 61. Kxe8 1-0

[Event "Tabor op"]
[Site "Tabor"]
[Date "2012.08.03"]
[Round "7"]
[White "Barrish, Daniel"]
[Black "Kudrlicka, Ladislav"]
[Result "1/2-1/2"]
[WhiteElo "1766"]
[BlackElo "2071"]
[PlyCount "29"]
[EventDate "2012.07.29"]
[EventType "swiss"]
[EventRounds "9"]
[EventCountry "CZE"]
[SourceTitle "EXT 2013"]
[Source "ChessBase"]
[SourceDate "2012.11.22"]
[SourceVersion "1"]
[SourceVersionDate "2012.11.22"]
[SourceQuality "1"]

1. d4 d5 2. c4 e6 3. g3 c6 4. Bg2 Nf6 5. Nf3 Nbd7 6. 0-0 Bd6 7. Nfd2 0-0 8. Nc3 Bc7 9. e4 dxe4 10. Ndxe4 h6 11. Be3 Nxe4 12. Nxe4 f5 13. Nc3 f4 14. gxf4 Qh4 15. d5 1/2-1/2

[Event "Tabor op"]
[Site "Tabor"]
[Date "2010.08.04"]
[Round "5"]
[White "Kudrlicka, Ladislav"]
[Black "Ivanov, Mikhail M"]
[Result "0-1"]
[WhiteElo "2066"]
[BlackElo "2486"]
[PlyCount "76"]
[EventDate "2010.08.01"]
[EventType "swiss"]
[EventRounds "9"]
[EventCountry "CZE"]
[SourceTitle "EXT 2012"]
[Source "ChessBase"]
[SourceDate "2011.11.24"]
[SourceVersion "1"]
[SourceVersionDate "2011.11.24"]
[SourceQuality "1"]

1. d4 Nf6 2. Nf3 g6 3. c3 b6 4. Bg5 Bb7 5. Nbd2 Bg7 6. e3 d6 7. Bd3 Nbd7 8. 0-0 h6 9. Bh4 g5 10. Bg3 Nh5 11. Ne1 Nxg3 12. fxg3 e6 13. Ne4 d5 14. Nd2 c5 15. Nef3 0-0 16. Bb1 f5 17. g4 fxg4 18. Qc2 Rf5 19. Ne5 Nxe5 20. dxe5 Bc8 21. Qd1 Rxf1+ 22. Nxf1 Bxe5 23. Qxg4 Bd7 24. Bc2 Qe7 25. Nd2 Rf8 26. Nf3 Bg7 27. e4 Rf4 28. Qg3 dxe4 29. Nd2 Bc6 30. Qe3 Qc7 31. Nxe4 Qe5 32. Re1 c4 33. g3 Rf8 34. Qe2 b5 35. a3 a5 36. Bb1 Qc7 37. Qh5 Qb6+ 38. Kh1 Qf2 0-1

[Event "CZE-chT2b 0001"]
[Site "Czech Republic"]
[Date "2001.??.??"]
[Round "?"]
[White "Gutman, Petr"]
[Black "Kudrlicka, Ladislav"]
[Result "1-0"]
[WhiteElo "2110"]
[BlackElo "2025"]
[PlyCount "95"]
[EventDate "2000.??.??"]
[EventType "team"]
[EventRounds "11"]
[EventCountry "CZE"]
[SourceTitle "EXT 2003"]
[Source "ChessBase"]
[SourceDate "2002.11.25"]
[SourceVersion "1"]
[SourceVersionDate "2002.11.25"]
[SourceQuality "1"]

1. c4 e6 2. Nc3 d5 3. cxd5 exd5 4. d4 c6 5. Nf3 Bf5 6. Bg5 Qb6 7. Qd2 h6 8. Bh4 Nd7 9. a3 Ngf6 10. Bxf6 Nxf6 11. e3 Bd6 12. Be2 Ne4 13. Nxe4 dxe4 14. Ng1 Be6 15. Rc1 Qd8 16. Bc4 Bxc4 17. Rxc4 Qg5 18. g3 0-0 19. Ne2 f5 20. 0-0 Rae8 21. b4 Qe7 22. Rd1 Rd8 23. Qc2 Bb8 24. a4 h5 25. b5 cxb5 26. axb5 h4 27. Nf4 Bxf4 28. exf4 Rd7 29. Rc5 Qd8 30. Qc4+ Kh7 31. d5 Qf6 32. Rc8 Rxc8 33. Qxc8 Qd8 34. Qxd8 Rxd8 35. Kf1 Kg6 36. Ke2 Kf6 37. Ke3 Ke7 38. Kd4 Rc8 39. Ke5 g6 40. gxh4 Rc5 41. Rg1 Rxb5 42. Rxg6 a5 43. h5 Kf7 44. Rg3 Rb2 45. h6 Rxf2 46. h3 Rc2 47. Rg7+ Kf8 48. Kf6 1-0

[Event "CZE-chT2b 0001"]
[Site "Czech Republic"]
[Date "2001.??.??"]
[Round "?"]
[White "Sejkora, Vlastimil"]
[Black "Kudrlicka, Ladislav"]
[Result "1-0"]
[WhiteElo "2260"]
[BlackElo "2025"]
[PlyCount "83"]
[EventDate "2000.??.??"]
[EventType "team"]
[EventRounds "11"]
[EventCountry "CZE"]
[SourceTitle "EXT 2003"]
[Source "ChessBase"]
[SourceDate "2002.11.25"]
[SourceVersion "1"]
[SourceVersionDate "2002.11.25"]
[SourceQuality "1"]

1. e4 e5 2. Nf3 Nc6 3. Bb5 Nf6 4. 0-0 Bc5 5. c3 0-0 6. d4 Bb6 7. d5 Nb8 8. Bg5 d6 9. Nbd2 c6 10. Bc4 Bg4 11. a4 Nbd7 12. b4 h6 13. Bh4 g5 14. Bg3 cxd5 15. Bxd5 Nxd5 16. exd5 f5 17. h3 Bh5 18. a5 Bc7 19. Qb3 Bg6 20. Rfe1 Nf6 21. Rad1 Kg7 22. c4 b6 23. c5 bxc5 24. bxc5 f4 25. Bh2 Rb8 26. Qa2 Bxa5 27. cxd6 Bxd2 28. Nxd2 e4 29. Qxa7+ Rf7 30. Qd4 Qb6 31. Qxb6 Rxb6 32. Nc4 Rb5 33. Ne5 Ra7 34. g3 e3 35. fxe3 fxe3 36. Rxe3 Ra2 37. Nc4 Be4 38. Rxe4 Nxe4 39. g4 Rb4 40. d7 Ra8 41. Na5 Rb2 42. Be5+ 1-0